000 00516nam a2200169Ia 4500
008 110201s9999 xx 000 0 und d
082 _bB9759
_aS 1886
100 _aडॉ. सतीश उदारे
245 _aसोरायसीस
260 _bजाणीव प्रकाशन
365 _b70
600 _aडॉ. सतीश उदारे
630 _aसोरायसीस
700 _aडॉ. सतीश उदारे
730 _aसोरायसीस
942 _cBOOK
999 _c835193
_d835190